Statistics for Държави, освен България, които ...

Click here to take the quiz!

General Stats

  • This quiz has been taken 239 times
  • The average score is 15 of 31

Answer Stats

Country% Correct
Турция
89%
Белгия
81%
Румъния
81%
Украйна
80%
Беларус
78%
Боливия
78%
Русия
76%
Бразилия
73%
Бразилия
73%
Италия
72%
Бангладеш
67%
Грузия
61%
Босна и Херцеговина
55%
Бутан
54%
Унгария
54%
Бруней
52%
Ботсвана
51%
Белиз
43%
Буркина Фасо
42%
Бенин
41%
Бахрейн
41%
Бурунди
37%
Бахами
36%
Барбадос
34%
Иран
20%
Мадагаскар
14%
Оман
11%
Алжир
5%
Либерия
5%
Ливан
4%
Малдиви
3%

Score Distribution

Percentile by Number Answered

Percent of People with Each Score

Your Score History

You have not taken this quiz